| 000 | 00495nam a2200169 i 4500 | ||
|---|---|---|---|
| 001 | 81551 | ||
| 003 | ES-MaACL | ||
| 005 | 20230906174448.0 | ||
| 007 | t| | ||
| 008 | 041105s1934 fr ||||1| fre d | ||
| 100 | 1 |
_aHuguet, Edmond. _964642 |
|
| 245 | 1 | 2 |
_aL'evolution du sens des mots depuis le XVI siecle / _cEdmond Huguet. |
| 260 |
_aParis : _b[s.n., _c1934] ( _eAlençon : _fImp. Alenconnaise) |
||
| 300 |
_aXI, 346 p. ; _c19 cm. |
||
| 852 |
_aES-MaACL _jA-3889 |
||
| 852 |
_aES-MaACL _jA-3002 |
||
| 999 |
_c81551 _d81551 |
||